|
|
|
|
| LEADER |
00000nam0a2200000 4500 |
| 001 |
159891 |
| 005 |
20231101222140.0 |
| 020 |
|
|
|a RU
|b 90-58889
|
| 035 |
|
|
|a (RuTPU)RU\TPU\book\173407
|
| 090 |
|
|
|a 159891
|
| 100 |
|
|
|a 20090515d1989 km a0rusy5003 ca
|
| 101 |
0 |
|
|a rus
|
| 102 |
|
|
|a RU
|
| 105 |
|
|
|a a z 001zy
|
| 200 |
1 |
|
|a Сварка взрывом и свойства сварных соединений
|e межвузовский сборник научных трудов
|f Волгоградский политехнический институт ; под ред. В. С. Седых
|
| 210 |
|
|
|a Волгоград
|c ВПИ
|d 1989
|
| 215 |
|
|
|a 95 с.
|c ил.
|
| 320 |
|
|
|a Библиография в конце статей
|
| 610 |
1 |
|
|a сборники
|
| 610 |
1 |
|
|a сварка взрывом
|
| 610 |
1 |
|
|a свойства
|
| 610 |
1 |
|
|a сварные соединения
|
| 675 |
|
|
|a 621.791.05
|v 3
|
| 675 |
|
|
|a 621.791.76
|v 3
|
| 702 |
|
1 |
|a Седых
|b В. С.
|g Владимир Семенович
|4 340
|
| 712 |
0 |
2 |
|a Волгоградский политехнический институт
|2 stltpush
|3 (RuTPU)RU\TPU\col\4581
|9 23999
|
| 801 |
|
0 |
|a RU
|b RuMRKP
|c 19950417
|g psbo
|
| 801 |
|
1 |
|a RU
|b 63413507
|c 20090515
|g PSBO
|
| 801 |
|
2 |
|a RU
|b 63413507
|c 20090727
|g PSBO
|
| 942 |
|
|
|c BK
|